Comments.

Poznámky ku predchádzajúcim článkom tohoto čísla, charakteristika ich prínosu a formulácia vlastných stanovísk autora. Syntetická bilancia. Faktory úspechu a modelovanie ich vzťahov. Operačný výskum a strategické plánovanie. Hierarchické plánovanie. Teórie skupinového rozhodovania.

Na minha lista:
Detalhes bibliográficos
Autor principal: Albach, Horst
Formato: Capítulo de Livro
Idioma:alemão
Assuntos:
Tags: Adicionar Tag
Sem tags, seja o primeiro a adicionar uma tag!

MARC

LEADER 00000naa a2200000 4500
001 r010423
005 20221130113339.9
041 0 |a ger 
044 |a DE 
245 1 0 |a Comments.  |c Horst Albach 
520 |a Poznámky ku predchádzajúcim článkom tohoto čísla, charakteristika ich prínosu a formulácia vlastných stanovísk autora. Syntetická bilancia. Faktory úspechu a modelovanie ich vzťahov. Operačný výskum a strategické plánovanie. Hierarchické plánovanie. Teórie skupinového rozhodovania. 
610 2 0 |a plánovanie strategické 
610 2 0 |a výskum operačný 
610 2 0 |a rozhodovanie 
610 2 0 |a bilancie 
610 2 0 |a modelovanie 
100 1 |a Albach, Horst